Credo - Statistiques

Statistiques générales
  • Ce quiz a été pris 309 fois
  • Le résultat moyen est 82 sur 115
Statistiques - réponses
Paroles % Correct
Je
98%
crois
95%
en
95%
Dieu,
93%
le
93%
en
91%
Je
89%
le
89%
Père
89%
le
87%
crois
86%
Dieu
86%
en
86%
et
84%
la
84%
de
83%
du
83%
et
83%
la
83%
Père
83%
a
82%
du
82%
a
81%
ciel
81%
a
80%
de
80%
et
80%
la
80%
terre ;
80%
créateur
79%
Fils
79%
la
79%
Saint
79%
à
78%
de
78%
Jésus
78%
la
78%
son
78%
à
77%
à
76%
Christ,
76%
Saint,
75%
est
73%
été
73%
est
72%
été
72%
est
71%
mort
71%
est
70%
qui
70%
unique,
70%
des
69%
Marie,
68%
Pilate,
68%
des
67%
Esprit,
67%
Ponce
67%
vie
67%
Vierge
67%
catholique,
66%
Église
66%
notre
66%
souffert
66%
sous
66%
jour
65%
crucifié,
64%
les
64%
64%
troisième
64%
morts,
63%
aux
62%
droite
62%
enfers,
62%
morts.
62%
Seigneur,
62%
aux
61%
sainte
61%
tout-puissant,
61%
descendu
60%
assis
59%
conçu
59%
enseveli,
59%
tout-puissant,
57%
vivants
56%
il
55%
juger
55%
rémission
55%
saints,
55%
péchés,
54%
d'où
52%
l'Esprit
52%
éternelle.
51%
résurrection
51%
viendra
51%
communion
50%
Amen.
49%
cieux,
49%
chair,
48%
monté
48%
ressuscité
45%
Aucun quiz correspondant
Distribution des résultats
% des personnes avec chaque résultat
Percentile par nombre de réponses
Votre historique - résultats
Vous n’avez pas pris ce quiz